000 00363 a2200109 4500
001 ART_10862
005 20260410161853.0
008 260409a
245 1 0 _aHospitalidad y hostilidad
100 1 _aGorali, Marina
773 0 _tFilosofía del derecho
_gCuestiones conceptuales, metodológicas y normativas - Año I, Nº 1 (mayo 2012)
_wREV10449
999 _c25176
_d25176